Essentials of health /

Bibliographic Details
Other Authors: Swanson, Jon Colby
Format: Book
Language:English
Published: Orlando, Fla. : Harcourt Brace Jovanovich, [1986]
Subjects:

MARC

Tag First Indicator Second Indicator Subfields
LEADER 00000cam a2200000 a 4500
001 in00000012619
005 20151007051851.0
008 880411s1986 flua j 00100 eng d
020 |a 0153694807 
020 |a 0153694815 (Annotated teacher's ed.) 
020 |a 0153694858 (Teacher's ed., pt.2) 
035 |a (OCoLC)17762809 
035 |9 AAA5193AM 
040 |a TXA  |c TXA  |d UtOrBLW 
049 |a [Curr Col] TXAM  |d [  |v = text  |p = Suppl.  |q = pt.]  |v [A10075169]  |p 1  |q 1 [A10075143]  |p 1  |q 2 [A10075193] 
050 4 |a RA777  |b .E85 1986 
245 0 0 |a Essentials of health /  |c Jon Colby Swanson [and others]. 
264 1 |a Orlando, Fla. :  |b Harcourt Brace Jovanovich,  |c [1986] 
264 4 |c ©1986 
300 |a xvi, 674 pages :  |b illustrations ;  |c 24 cm. +  |e teacher's ed. (2 volumes) 
336 |a text  |b txt  |2 rdacontent 
337 |a unmediated  |b n  |2 rdamedia 
338 |a volume  |b nc  |2 rdacarrier 
500 |a Texas laws concerning possession, use, delivery, and sale of tobacco, alcohol, controlled substances, and dangerous drugs: pages 673-674. 
500 |a Includes index. 
650 0 |a Health  |v Juvenile literature. 
700 1 |a Swanson, Jon Colby. 
999 |a MARS 
999 f f |s b2ef5c17-56ba-3219-ab55-afeea9e0fb15  |i 4dccdfc9-f2f2-3a6b-856d-685b2df85b81  |t 0 
952 f f |p ric  |a Texas A&M University  |b Rellis Campus  |c Joint Library Facility  |d Remote Storage  |t 0  |e RA777 .E85 1986  |h Library of Congress classification  |i unmediated -- volume  |k Suppl.1  |l pt.2  |m A14825524238 
952 f f |p ric  |a Texas A&M University  |b Rellis Campus  |c Joint Library Facility  |d Remote Storage  |t 0  |e RA777 .E85 1986  |h Library of Congress classification  |i unmediated -- volume  |k Suppl.1  |l pt.1  |m A14810075143 
952 f f |p ric  |a Texas A&M University  |b Rellis Campus  |c Joint Library Facility  |d Remote Storage  |t 0  |e RA777 .E85 1986  |h Library of Congress classification  |i unmediated -- volume  |k Student ed.  |m A14810075169 
998 f f |a RA777 .E85 1986  |s Suppl.1, pt.1 (Teacher's ed., pt.2)  |t 0  |l Remote Storage